000 00318nam a22001337a 4500
008 181122b xxu||||| |||| 00| 0 eng d
020 _a9780208023780
041 _aeng
080 _a370
100 _a49
101 _aEDU
245 _aWho Talks Funny A Book Languages For Kids
_cCox.B.A.S
942 _2udc
_cBK
999 _c52424
_d52424